Sports Quiz

Random Sports or MLB Quiz

MLB Most Single Season Home Runs Quiz Stats

 Plays Quiz Updated Oct 1, 2019

Score 0/61 Timer 07:00
6 Plays Today
Number Name % Correct
49Barry Bonds
99.1%
73Barry Bonds
99.1%
63Sammy Sosa
97.4%
64Sammy Sosa
97.4%
50Sammy Sosa
97.4%
66Sammy Sosa
97.4%
54Babe Ruth
97.3%
54Babe Ruth
97.3%
59Babe Ruth
97.3%
60Babe Ruth
97.3%
52Mark McGwire
94.7%
58Mark McGwire
94.7%
65Mark McGwire
94.7%
70Mark McGwire
94.7%
52Alex Rodriguez
94.3%
54Alex Rodriguez
94.3%
57Alex Rodriguez
94.3%
49Ken Griffey, Jr.
92.1%
56Ken Griffey, Jr.
92.1%
56Ken Griffey, Jr.
92.1%
59Giancarlo Stanton
91.5%
58Ryan Howard
90.9%
52Aaron Judge
89.1%
54David Ortiz
88.6%
52Mickey Mantle
87.3%
54Mickey Mantle
87.3%
61Roger Maris
85.8%
49Albert Pujols
85.1%
50Prince Fielder
84.4%
51Andruw Jones
83.5%
51Cecil Fielder
83.3%
Number Name % Correct
53Chris Davis
81.2%
57Luis Gonzalez
80.5%
52Willie Mays
79.5%
51Willie Mays
79.5%
53Pete Alonso
78.5%
52Jim Thome
78.1%
49Lou Gehrig
76.3%
49Todd Helton
71.2%
49Harmon Killebrew
68.1%
49Lou Gehrig
67.7%
49Larry Walker
65.5%
49Albert Belle
61.7%
50Albert Belle
61.7%
49Frank Robinson
57.4%
50Brady Anderson
56.7%
49Shawn Green
54.2%
49Harmon Killebrew
54.2%
49Eugenio Suarez
54%
50Jimmie Foxx
53.8%
58Jimmie Foxx
53.8%
49Andre Dawson
49.1%
58Hank Greenberg
41%
54Jose Bautista
37%
50Greg Vaughn
35.5%
52George Foster
34.6%
56Hack Wilson
34.2%
51Ralph Kiner
31.7%
54Ralph Kiner
31.7%
51Johnny Mize
16.6%
49Ted Kluszewski
13.5%

You're not logged in!

Compare scores with friends on all Sporcle quizzes.
OR
Log In

Sporcle TV

Today on Sporcle TV


Watch our educational content, quiz creation guides, and fun videos on Sporcle TV.

Show Comments

Extras

Top Quizzes Today


Score Distribution

Your Account Isn't Verified!

In order to create a playlist on Sporcle, you need to verify the email address you used during registration. Go to your Sporcle Settings to finish the process.

Report this User

Report this user for behavior that violates our Community Guidelines.

Details: